00963nam a2200181 a 450000100080000000500110000800800410001910000180006024501460007826004040022465000250062865300290065365300150068265300230069765300280072070000160074870000170076410268362025-11-05 2025 bl uuuu u01u1 u #d1 aRADAIK, P. H. aPanorama dos sistemas agroflorestais no estado do Espirito Santobum olhar para o presente buscando planejar o futuro.h[electronic resource] aIn: SIMPOSIO INCAPER PESQUISA, 5., Seminário de Iniciação Científica do Incaper, 5., 2025, Vitoria. Inovabilidade no campo : soluções para a resiliência dos agroecossistemas : anais. Vitoria, ES : Incaper, 2025. p. 108. Modo de acesso: World Wide Web. Editores: Rafael Nunes de Almeida, Coralline Barbosa da Silva, Danieltom Ozéias Vandermas Barbosa Vinagre e David dos Santos Martins.c2025 aAgricultura Familiar aEspírito Santo (Estado) aMapeamento aRegiões capixabas aSistemas agroflorestais1 aRUAS, F. G.1 aPAVAN, T. B.